[Event "VIII Open FIDE"]
[Site "Forli' ITA"]
[Date "1995.08.??"]
[Round "?"]
[White "Barbieri, Giovanni"]
[Black "Drei, Andrea"]
[Result "0-1"]
[WhiteElo "2170"]
[BlackElo "2290"]
[PlyCount "80"]
[EventDate "1995.08.28"]

1. e4 c5 2. g3 Nc6 3. Bg2 g6 4. Ne2 Bg7 5. d3 e6 6. Nbc3 Nge7 7. O-O d6 8. Rb1
Rb8 9. Bd2 b5 10. Nf4 b4 11. Nce2 O-O 12. h4 e5 13. Nh3 h6 14. f3 Be6 15. b3
Qd7 16. Kh2 f5 17. f4 fxe4 18. dxe4 Kh7 19. h5 exf4 20. gxf4 Bg4 21. hxg6+ Nxg6
22. Qe1 Rbe8 23. Be3 Bf6 24. f5 Nh4 25. Rf4 Nxg2 26. Kxg2 Rg8 27. Kh2 Bxh3 28.
Kxh3 Rxe4 29. Ng3 Ree8 30. Qf2 Qf7 31. Rg1 Bg5 32. Qf3 Ne5 33. Qd1 Bxf4 34.
Bxf4 Rxg3+ 35. Bxg3 Qxf5+ 36. Kg2 Rg8 37. Rf1 Qg6 38. Qe1 Qxc2+ 39. Kh1 Qd3 40.
Rg1 Qf3+ 0-1

[Event "VIII Open FIDE"]
[Site "Forli' ITA"]
[Date "1995.08.??"]
[Round "?"]
[White "Bellia, Fabrizio"]
[Black "Lurje, Pawel"]
[Result "1-0"]
[WhiteElo "2300"]
[BlackElo "2215"]
[PlyCount "103"]
[EventDate "1995.08.28"]

1. e4 e5 2. Nf3 Nc6 3. Bc4 Nf6 4. d3 h6 5. O-O d6 6. c3 g6 7. Nbd2 Bg7 8. d4
O-O 9. dxe5 Nxe5 10. Nxe5 dxe5 11. Re1 c6 12. Bb3 b5 13. a4 Qb6 14. Nf3 Ng4 15.
Qc2 Re8 16. h3 Nf6 17. Be3 Qc7 18. c4 Be6 19. axb5 cxb5 20. cxb5 Qb7 21. Bxe6
Rxe6 22. Nd2 Qxb5 23. Rxa7 Rxa7 24. Bxa7 Rc6 25. Qb1 Rc7 26. Be3 Rb7 27. b3 Bf8
28. Qc2 Kg7 29. Rb1 Bb4 30. Nc4 Qc6 31. f3 Bc5 32. Qf2 Bxe3 33. Qxe3 Qe6 34.
Qc3 Nd7 35. Rd1 Rc7 36. Rd5 f6 37. Qb4 Nf8 38. Rd8 Qe7 39. Qxe7+ Rxe7 40. Rb8
Nd7 41. Rb7 Kf7 42. b4 Nf8 43. Rb8 Rc7 44. Ne3 Nd7 45. Ra8 Rb7 46. Ra4 Nb6 47.
Ra6 h5 48. h4 Ke8 49. Kf2 Kd7 50. Ke2 Kc6 51. Nd5 Kb5 52. Rxb6+ 1-0

[Event "VIII Open FIDE"]
[Site "Forli' ITA"]
[Date "1995.08.??"]
[Round "?"]
[White "Bellomo, Francesco"]
[Black "Jedynak, Radoslaw"]
[Result "0-1"]
[WhiteElo "2360"]
[BlackElo "2115"]
[PlyCount "118"]
[EventDate "1995.08.28"]

1. Nf3 f5 2. d3 Nf6 3. e4 fxe4 4. dxe4 e5 5. Bc4 Bb4+ 6. c3 Bc5 7. O-O Qe7 8.
a4 a5 9. Bg5 d6 10. Nbd2 Nc6 11. Nh4 Bd7 12. Nf5 Qf8 13. Qf3 O-O-O 14. Nxg7
Qxg7 15. Bxf6 Qh6 16. Bxd8 Qxd2 17. Bh4 Qxb2 18. Qd3 Qb6 19. Rab1 Qa7 20. Qf3
Nd8 21. Bd5 b6 22. Ra1 Ne6 23. Qf6 Re8 24. Kh1 Qa6 25. Kg1 Nf4 26. Bf7 Rf8 27.
c4 Ne6 28. Qe7 d5 29. Qxe6 Bxe6 30. Bxe6+ Kb7 31. Bxd5+ c6 32. Be6 Re8 33. Bf7
Rf8 34. Be6 Re8 35. Bd7 Rf8 36. Rac1 Rf4 37. Bg3 Rxe4 38. Bf5 Re2 39. Bg4 Rd2
40. Bxe5 Qa8 41. Bg3 Qe8 42. Bf3 Rd7 43. h3 Qf7 44. Rc2 Re7 45. Rd1 Rd7 46. Re1
Re7 47. Rxe7+ Qxe7 48. Re2 Qg7 49. Be5 Qg5 50. Kh2 Bxf2 51. Bd6 Be3 52. g3 Qf6
53. Rxe3 Qxd6 54. Bg2 Qb4 55. Re4 Qxa4 56. c5 Qc2 57. Re7+ Ka6 58. cxb6 Kxb6
59. Kh1 a4 0-1

[Event "VIII Open FIDE"]
[Site "Forli' ITA"]
[Date "1995.08.??"]
[Round "?"]
[White "Belotti, Bruno"]
[Black "Sulava, Nenad"]
[Result "1-0"]
[WhiteElo "2380"]
[BlackElo "2390"]
[PlyCount "50"]
[EventDate "1995.08.28"]

1. e4 e6 2. d3 d5 3. Nd2 c5 4. Ngf3 Nc6 5. g3 Nf6 6. Bg2 b6 7. O-O Bb7 8. Re1
Be7 9. e5 Nd7 10. c4 d4 11. Ne4 Ncxe5 12. Nxe5 Nxe5 13. Nxc5 Bxg2 14. Kxg2 Nc6
15. Qf3 Rc8 16. Na6 Qd7 17. Bd2 Bd6 18. b4 Ne5 19. Qe4 O-O 20. b5 Rfd8 21. Bb4
f5 22. Qe2 Qb7+ 23. f3 Bxb4 24. Nxb4 Rc5 25. Na6 Re8 1-0

[Event "VIII Open FIDE"]
[Site "Forli' ITA"]
[Date "1995.08.??"]
[Round "?"]
[White "Borgo, Giulio"]
[Black "Cebalo, Miso"]
[Result "1/2-1/2"]
[WhiteElo "2345"]
[BlackElo "2515"]
[PlyCount "164"]
[EventDate "1995.08.28"]

1. e4 c5 2. Nf3 e6 3. c4 d6 4. d4 cxd4 5. Nxd4 Nf6 6. Nc3 a6 7. Bd3 b6 8. O-O
Bb7 9. f4 Nbd7 10. Qe2 g6 11. Nf3 Bg7 12. Bd2 O-O 13. Kh1 Qc7 14. Rac1 Rac8 15.
b4 Qb8 16. Rfe1 Rfd8 17. Rc2 Nh5 18. Qf2 Ba8 19. Ng5 h6 20. Nh3 Nhf6 21. Qe2
Bc6 22. Nf2 Qa8 23. Kg1 Re8 24. Qf1 h5 25. a3 Bb7 26. Qe2 Rc7 27. Qf1 Rec8 28.
Rcc1 Ng4 29. Nxg4 hxg4 30. Na2 Nf6 31. Qe2 b5 32. cxb5 axb5 33. Rxc7 Rxc7 34.
Nc3 Bc6 35. Nxb5 Bxb5 36. Bxb5 Qxa3 37. Bd3 Nh5 38. b5 Bd4+ 39. Kf1 g3 40. h3
Bb6 41. e5 dxe5 42. fxe5 Rc5 43. Qe4 Rd5 44. Be3 Qxd3+ 45. Qxd3 Rxd3 46. Bxb6
Rb3 47. Bd8 Rxb5 48. Re3 Rb1+ 49. Re1 Rb4 50. Bg5 Kg7 51. Re3 Rb5 52. Re4 Kf8
53. Be3 Kg8 54. Ra4 Kg7 55. Re4 Rb2 56. Rg4 Kh7 57. Rg5 Rc2 58. Rg4 Kg7 59. Rg5
Kf8 60. Rg4 Kg7 61. Ra4 Rb2 62. Rc4 Rb5 63. Re4 f5 64. exf6+ Kxf6 65. Ke2 e5
66. Kf3 Rb3 67. Kg4 Ke6 68. Bg5 Rd3 69. Ra4 Rd4+ 70. Rxd4 exd4 71. Bc1 Ke5 72.
Kg5 Ke4 73. h4 Ke5 74. Bd2 d3 75. Bc1 Ke4 76. Bd2 Ng7 77. Kxg6 Ne6 78. h5 Nf4+
79. Kg5 Nxg2 80. Kg4 Ne3+ 81. Kxg3 Nf1+ 82. Kf2 Nh2 1/2-1/2

[Event "VIII Open FIDE"]
[Site "Forli' ITA"]
[Date "1995.08.??"]
[Round "?"]
[White "Borgo, Giulio"]
[Black "Drei, Andrea"]
[Result "1/2-1/2"]
[WhiteElo "2345"]
[BlackElo "2290"]
[PlyCount "123"]
[EventDate "1995.08.28"]

1. e4 c5 2. Nf3 d6 3. d4 cxd4 4. Nxd4 Nf6 5. f3 e5 6. Bb5+ Nbd7 7. Nf5 d5 8.
exd5 a6 9. Ba4 b5 10. Bb3 Nb6 11. Ne3 Bb7 12. Nc3 b4 13. Na4 Nfxd5 14. Nxd5
Nxd5 15. Bxd5 Qxd5 16. Qxd5 Bxd5 17. Nb6 Rd8 18. Nxd5 Rxd5 19. Bd2 Bc5 20. a3
bxa3 21. b4 Be7 22. c3 O-O 23. Rxa3 Rfd8 24. Ra2 e4 25. fxe4 Re5 26. Kd1 Rxe4
27. Re1 Rxe1+ 28. Kxe1 Rd6 29. Ke2 Kf8 30. c4 Ke8 31. c5 Re6+ 32. Kd3 Kd7 33.
Bc3 g6 34. Kc4 Bf6 35. Rd2+ Ke7 36. Bxf6+ Rxf6 37. Kb3 Rf1 38. Ra2 Rf6 39. Ka4
Rf4 40. Rd2 Rf6 41. Ka5 h5 42. b5 axb5 43. Kxb5 Rf1 44. c6 Rc1 45. h4 f6 46.
Kb6 Rb1+ 47. Ka7 Rc1 48. Kb7 g5 49. hxg5 fxg5 50. Rd5 g4 51. c7 Rb1+ 52. Kc8 h4
53. Re5+ Kf6 54. Rh5 h3 55. g3 Ke7 56. Re5+ Kf7 57. Re2 Rb3 58. Kd7 Rd3+ 59.
Kc6 Rc3+ 60. Kd6 Rd3+ 61. Ke5 Rc3 62. Kf5 1/2-1/2

[Event "VIII Open FIDE"]
[Site "Forli' ITA"]
[Date "1995.08.??"]
[Round "?"]
[White "Borgo, Giulio"]
[Black "Grabarczyk, Miroslaw"]
[Result "0-1"]
[WhiteElo "2345"]
[BlackElo "2445"]
[PlyCount "80"]
[EventDate "1995.08.28"]

1. e4 c6 2. d4 d5 3. exd5 cxd5 4. Bd3 Nc6 5. c3 Qc7 6. h3 g6 7. Nf3 Nf6 8. Bg5
Bg7 9. Qc1 Bf5 10. Bxf5 gxf5 11. Nh4 e6 12. Bh6 Bxh6 13. Qxh6 Ne4 14. Nd2 O-O-O
15. Nxe4 fxe4 16. O-O-O Nb4 17. Kb1 Nd3 18. Qf6 Rhg8 19. Rd2 Qf4 20. Qxf4 Nxf4
21. g3 Nd3 22. Nf3 Kd7 23. Ne1 Nxe1 24. Rxe1 f5 25. Re3 h5 26. h4 Rg4 27. c4
Rc8 28. cxd5 exd5 29. Rb3 Rc7 30. Rb5 Kd6 31. Rc2 Rxc2 32. Kxc2 b6 33. Rb3 f4
34. Kd2 e3+ 35. Ke2 exf2 36. Kxf2 fxg3+ 37. Rxg3 Rxd4 38. Rg6+ Kc5 39. Rg5 Rxh4
40. Ke3 Rh2 0-1

[Event "VIII Open FIDE"]
[Site "Forli' ITA"]
[Date "1995.08.??"]
[Round "?"]
[White "Cebalo, Miso"]
[Black "Bellia, Fabrizio"]
[Result "1-0"]
[WhiteElo "2515"]
[BlackElo "2300"]
[PlyCount "51"]
[EventDate "1995.08.28"]

1. d4 Nf6 2. Nf3 g6 3. c4 Bg7 4. Nc3 O-O 5. e4 d6 6. Be2 e5 7. O-O c6 8. d5 Na6
9. a3 c5 10. Rb1 Nh5 11. g3 Nc7 12. b4 b6 13. bxc5 bxc5 14. Ne1 Nf6 15. Bg5 h6
16. Bxf6 Bxf6 17. Bg4 Ba6 18. Nb5 Nxb5 19. cxb5 Bb7 20. Nc2 Qa5 21. Ne3 Qd8 22.
Nc4 Bg7 23. Qd3 Bc8 24. Bxc8 Rxc8 25. b6 f5 26. bxa7 1-0

[Event "VIII Open FIDE"]
[Site "Forli' ITA"]
[Date "1995.08.??"]
[Round "?"]
[White "Cebalo, Miso"]
[Black "Corvi, Marco"]
[Result "1/2-1/2"]
[WhiteElo "2515"]
[BlackElo "2185"]
[PlyCount "89"]
[EventDate "1995.08.28"]

1. d4 d5 2. c4 e6 3. Nf3 c6 4. Qc2 f5 5. g3 Nf6 6. Bg2 Be7 7. O-O O-O 8. b3 Qe8
9. Ba3 Bxa3 10. Nxa3 Qe7 11. Nb1 Bd7 12. Nbd2 Be8 13. e3 Ne4 14. a3 Nd7 15. b4
Bh5 16. Rfc1 Bxf3 17. Nxf3 Nd6 18. Bf1 Rfc8 19. a4 a5 20. b5 Nxc4 21. Qb3 Ndb6
22. bxc6 Rxc6 23. Ne5 Nxe5 24. Rxc6 Nxc6 25. Qxb6 Rc8 26. Rb1 Qd8 27. Qxb7 Nb4
28. Kg2 Qc7 29. Qb5 Rb8 30. Qe2 Rc8 31. g4 Qc2 32. Qxc2 Rxc2 33. gxf5 exf5 34.
Bb5 Kf7 35. h4 Kf6 36. Kg3 g6 37. Re1 h6 38. Kf3 Rc3 39. Rg1 Rc8 40. Kf4 Rc2
41. Kf3 Kf7 42. Rf1 Ke7 43. Kg3 Rc3 44. Rd1 Kf7 45. Kf3 1/2-1/2

[Event "VIII Open FIDE"]
[Site "Forli' ITA"]
[Date "1995.08.??"]
[Round "?"]
[White "Cebalo, Miso"]
[Black "Naumkin, Igor"]
[Result "0-1"]
[WhiteElo "2515"]
[BlackElo "2455"]
[PlyCount "66"]
[EventDate "1995.08.28"]

1. d4 e6 2. Nf3 f5 3. e4 fxe4 4. Ng5 Nf6 5. f3 exf3 6. Qxf3 Nc6 7. c3 h6 8. Bd3
hxg5 9. Bg6+ Ke7 10. Bxg5 d5 11. O-O Kd7 12. Nd2 Bd6 13. h3 Ne7 14. Bd3 c6 15.
c4 b6 16. Rac1 a5 17. Qe2 Qe8 18. Nf3 Qh5 19. Rfe1 Kc7 20. cxd5 Nfxd5 21. Be4
Bd7 22. Qd3 Kb7 23. h4 Nf4 24. Qd2 Ned5 25. a3 Qg4 26. Ne5 Bxe5 27. dxe5 Nh3+
28. Kf1 Nxg5 29. hxg5 Rh1+ 30. Kf2 Rf8+ 31. Bf3 Rxf3+ 32. gxf3 Rh2+ 33. Kf1
Qxf3+ 0-1

[Event "VIII Open FIDE"]
[Site "Forli' ITA"]
[Date "1995.08.??"]
[Round "?"]
[White "Corvi, Marco"]
[Black "Cvitan, Ognjen"]
[Result "0-1"]
[WhiteElo "2185"]
[BlackElo "2510"]
[PlyCount "112"]
[EventDate "1995.08.28"]

1. e4 c5 2. f4 g6 3. Nf3 Bg7 4. d3 Nc6 5. Be2 d6 6. O-O Nf6 7. c3 O-O 8. Qe1 c4
9. Nbd2 cxd3 10. Bxd3 b5 11. Kh1 Rb8 12. Nb3 e5 13. fxe5 dxe5 14. Bc2 b4 15.
Bg5 h6 16. Rd1 Qc7 17. Be3 a5 18. Qh4 Nh5 19. Bc5 Rd8 20. Rxd8+ Nxd8 21. cxb4
axb4 22. Qe7 Qxe7 23. Bxe7 Nc6 24. Bd6 Ra8 25. Ra1 Bg4 26. a4 bxa3 27. bxa3 Nf4
28. a4 Rc8 29. Ne1 Bf8 30. Bxf8 Kxf8 31. a5 Be2 32. g3 Ne6 33. Bd3 Bg4 34. a6
Na7 35. Kg2 Rc3 36. Rb1 Ng5 37. Na5 Ra3 38. Rb8+ Kg7 39. Rb7 Rxa5 40. Rxa7 Ra2+
41. Nc2 Bf3+ 42. Kf1 Bxe4 43. Bxe4 Nxe4 44. Nb4 Ra4 45. Nc6 Kf6 46. Ra8 Ra1+
47. Ke2 Ra2+ 48. Kf1 Nd2+ 49. Ke1 Nf3+ 50. Kd1 Nd4 51. Nb4 Ra4 52. Rb8 e4 53.
Kd2 Ra3 54. Re8 Ne6 55. Nd5+ Kg7 56. Ra8 Rd3+ 0-1

[Event "VIII Open FIDE"]
[Site "Forli' ITA"]
[Date "1995.08.??"]
[Round "?"]
[White "Cvitan, Ognjen"]
[Black "Belotti, Bruno"]
[Result "1/2-1/2"]
[WhiteElo "2510"]
[BlackElo "2380"]
[PlyCount "124"]
[EventDate "1995.08.28"]

1. Nf3 Nf6 2. g3 d5 3. Bg2 e6 4. O-O Be7 5. d4 O-O 6. c4 c6 7. Qc2 b6 8. b3 Bb7
9. Nc3 Nbd7 10. Rd1 Rc8 11. e4 dxe4 12. Ng5 h6 13. Ngxe4 Nxe4 14. Nxe4 Nf6 15.
Nc3 Rc7 16. Bb2 Rd7 17. Ne2 Qc7 18. Nf4 Rdd8 19. Rd2 Nd7 20. Re2 Bg5 21. Nd3
Bf6 22. Rd1 c5 23. d5 exd5 24. cxd5 Qd6 25. Nf4 Bxb2 26. Qxb2 Nf6 27. Bf3 Rfe8
28. h4 Rxe2 29. Qxe2 Re8 30. Qd3 Bc8 31. Ng2 Ng4 32. Bxg4 Bxg4 33. Rd2 Bd7 34.
a4 Qe5 35. Ne3 Qf6 36. Kg2 g5 37. hxg5 hxg5 38. f3 Kg7 39. Ng4 Qa1 40. Ne3 Qe5
41. Ng4 Bxg4 42. fxg4 Qe4+ 43. Qxe4 Rxe4 44. Kf3 Re8 45. a5 Kf6 46. axb6 axb6
47. Rh2 Re1 48. Rh6+ Ke5 49. Rxb6 Kxd5 50. Kf2 Rb1 51. Ke3 Re1+ 52. Kf2 Re6 53.
Rb7 f6 54. Kf3 Kd4 55. Rd7+ Kc3 56. Rb7 Re1 57. Rc7 Re5 58. Rb7 Rd5 59. Rb5 Re5
60. Rb7 Kc2 61. Rb8 Rd5 62. Ke4 Re5+ 1/2-1/2

[Event "VIII Open FIDE"]
[Site "Forli' ITA"]
[Date "1995.08.??"]
[Round "?"]
[White "Drei, Andrea"]
[Black "Cebalo, Miso"]
[Result "1-0"]
[WhiteElo "2290"]
[BlackElo "2515"]
[PlyCount "123"]
[EventDate "1995.08.28"]

1. e4 c5 2. Nf3 e6 3. d4 cxd4 4. Nxd4 Nc6 5. Nc3 d6 6. Be2 Nf6 7. O-O Be7 8.
Be3 O-O 9. f4 Bd7 10. Nb3 a6 11. a4 Rc8 12. Bf3 Nb4 13. Qe2 e5 14. Rfd1 Qc7 15.
Rd2 exf4 16. Bxf4 Nxc2 17. Rxc2 Qb6+ 18. Kh1 Qxb3 19. Rd2 Qb4 20. Qd3 d5 21. e5
Qxf4 22. exf6 Bxf6 23. Nxd5 Qg5 24. Nxf6+ Qxf6 25. Bxb7 Rc7 26. Bxa6 g6 27. h3
Rb8 28. Rf1 Bf5 29. Qe2 Re7 30. Qd3 Qg5 31. Qd6 Rb3 32. Bc4 Rbe3 33. Qd8+ Kg7
34. Qd4+ f6 35. Qf4 Qh5 36. Rd8 Re8 37. Rxe8 Rxe8 38. Qc7+ Kh6 39. Qf4+ Kg7 40.
Qf3 Qg5 41. Bd3 Bxd3 42. Qxd3 Re3 43. Qd7+ Kh6 44. b4 Qe5 45. a5 Qe4 46. Qg4
Qxg4 47. hxg4 Rb3 48. Rf4 Kg5 49. Rc4 Ra3 50. Kh2 h5 51. gxh5 Kxh5 52. Rc6 f5
53. a6 g5 54. b5 f4 55. Rc8 g4 56. b6 Rxa6 57. b7 Kg5 58. g3 fxg3+ 59. Kxg3
Ra3+ 60. Kf2 Ra2+ 61. Ke1 Ra1+ 62. Kd2 1-0

[Event "VIII Open FIDE"]
[Site "Forli' ITA"]
[Date "1995.08.??"]
[Round "?"]
[White "Drei, Andrea"]
[Black "Godena, Michele"]
[Result "1/2-1/2"]
[WhiteElo "2290"]
[BlackElo "2420"]
[PlyCount "75"]
[EventDate "1995.08.28"]

1. e4 e5 2. Nf3 Nc6 3. Bb5 a6 4. Bxc6 dxc6 5. O-O Bd6 6. d4 exd4 7. Qxd4 f6 8.
Be3 Be6 9. Nc3 Ne7 10. Qd3 O-O 11. Nd4 Bf7 12. f4 Qe8 13. Qe2 Rd8 14. Qf2 Bb4
15. Nce2 Nc8 16. c3 Bc5 17. Nb3 Bxe3 18. Qxe3 Nd6 19. Ng3 Qe7 20. Rfe1 Rfe8 21.
Qf2 Bxb3 22. axb3 Qf7 23. b4 Rd7 24. Re2 Rde7 25. Rae1 Re6 26. Qc5 Qe7 27. h3
g6 28. e5 fxe5 29. Rxe5 Rxe5 30. Rxe5 Qf7 31. Rxe8+ Qxe8 32. Qd4 Qe6 33. Kh2
Qb3 34. Qf6 Qf7 35. Qe5 Qd5 36. Qe7 Qf7 37. Qe5 Qd5 38. Qe7 1/2-1/2

[Event "VIII Open FIDE"]
[Site "Forli' ITA"]
[Date "1995.08.??"]
[Round "?"]
[White "Godena, Michele"]
[Black "Cebalo, Miso"]
[Result "1/2-1/2"]
[WhiteElo "2420"]
[BlackElo "2515"]
[PlyCount "86"]
[EventDate "1995.08.28"]

1. e4 c5 2. c3 g6 3. d4 Bg7 4. Nd2 cxd4 5. cxd4 Nf6 6. Bd3 b6 7. Ngf3 Bb7 8.
O-O O-O 9. e5 Nd5 10. Ne4 d6 11. exd6 exd6 12. Qb3 a5 13. Bg5 Qd7 14. Rfe1 Nb4
15. Bb1 Bd5 16. Qe3 f5 17. Nc3 Bf7 18. a3 Nd5 19. Nxd5 Bxd5 20. Ba2 Bxa2 21.
Rxa2 Nc6 22. Raa1 Qf7 23. Qf4 Qd5 24. Bh6 Rae8 25. Bxg7 Kxg7 26. Rxe8 Rxe8 27.
Rc1 Re2 28. b4 axb4 29. axb4 b5 30. h3 h6 31. Rc3 g5 32. Nxg5 Re1+ 33. Kh2 hxg5
34. Qxg5+ Kf7 35. Rg3 Ne7 36. Qh5+ Ke6 37. Qe8 Qc4 38. Rg7 Kd5 39. Rxe7 Rxe7
40. Qxe7 Qxb4 41. Qf7+ Kxd4 42. Qf6+ Kc4 43. h4 Qd2 1/2-1/2

[Event "VIII Open FIDE"]
[Site "Forli' ITA"]
[Date "1995.08.??"]
[Round "?"]
[White "Godena, Michele"]
[Black "Jedynak, Radoslaw"]
[Result "1-0"]
[WhiteElo "2420"]
[BlackElo "2115"]
[PlyCount "35"]
[EventDate "1995.08.28"]

1. e4 c5 2. c3 e5 3. Nf3 Nc6 4. Bc4 Be7 5. d4 cxd4 6. cxd4 exd4 7. Nxd4 Nf6 8.
Nc3 O-O 9. Nc2 Bb4 10. Nxb4 Nxb4 11. O-O Nc6 12. Bf4 Qb6 13. Bd6 Re8 14. Re1
Qxb2 15. Rc1 Na5 16. Na4 Nxc4 17. Nxb2 Nxb2 18. Qd4 1-0

[Event "VIII Open FIDE"]
[Site "Forli' ITA"]
[Date "1995.08.??"]
[Round "?"]
[White "Godena, Michele"]
[Black "Naumkin, Igor"]
[Result "1-0"]
[WhiteElo "2420"]
[BlackElo "2455"]
[PlyCount "59"]
[EventDate "1995.08.28"]

1. e4 e6 2. d4 d5 3. Nd2 Nc6 4. Ngf3 Nf6 5. e5 Nd7 6. Bb5 a6 7. Bxc6 bxc6 8.
Nb3 c5 9. Bg5 Be7 10. Na5 Nxe5 11. dxe5 Bxg5 12. Nc6 Qd7 13. Nxg5 Qxc6 14. Qh5
g6 15. Qf3 Qd7 16. Qf6 O-O 17. h4 h5 18. g4 Qd8 19. gxh5 Qxf6 20. exf6 gxh5 21.
Rg1 Kh8 22. O-O-O Rb8 23. Nf3 e5 24. Nxe5 Rb4 25. Rg7 Be6 26. c4 c6 27. Rg5 Bg4
28. f3 Be6 29. Rxh5+ Kg8 30. Rg1+ 1-0

[Event "VIII Open FIDE"]
[Site "Forli' ITA"]
[Date "1995.08.??"]
[Round "?"]
[White "Grabarczyk, Miroslaw"]
[Black "Bellomo, Francesco"]
[Result "1-0"]
[WhiteElo "2445"]
[BlackElo "2360"]
[PlyCount "70"]
[EventDate "1995.08.28"]

1. d4 d5 2. c4 e6 3. Nf3 Nf6 4. g3 Bb4+ 5. Bd2 a5 6. Qc2 Ne4 7. Bg2 Nxd2 8.
Nbxd2 a4 9. a3 Be7 10. O-O O-O 11. e4 c6 12. Rac1 Nd7 13. exd5 exd5 14. cxd5
cxd5 15. Ne5 Nf6 16. Nb1 g6 17. Nc3 Bf5 18. Qe2 Re8 19. g4 Be6 20. f4 Qb6 21.
f5 Qxd4+ 22. Kh1 Bd6 23. Nf3 Qxg4 24. fxe6 Rxe6 25. Qf2 Qh5 26. Qh4 Qxh4 27.
Nxh4 Be5 28. Nxd5 Nxd5 29. Bxd5 Rf6 30. Nf3 Bxb2 31. Rc7 Bxa3 32. Kg2 Rf4 33.
Ne5 Rxf1 34. Kxf1 Kg7 35. Nxf7 Bc5 1-0

[Event "VIII Open FIDE"]
[Site "Forli' ITA"]
[Date "1995.08.??"]
[Round "?"]
[White "Grabarczyk, Miroslaw"]
[Black "Belotti, Bruno"]
[Result "1-0"]
[WhiteElo "2445"]
[BlackElo "2380"]
[PlyCount "83"]
[EventDate "1995.08.28"]

1. d4 Nf6 2. c4 c5 3. d5 b5 4. cxb5 a6 5. b6 d6 6. Nc3 Qxb6 7. a4 g6 8. a5 Qb4
9. Ra4 Qb7 10. e4 Bg7 11. Bc4 O-O 12. Nge2 Bd7 13. Ra3 Qb4 14. Qd3 Bb5 15. Bxb5
axb5 16. f3 c4 17. Qe3 Nfd7 18. Nd4 Bxd4 19. Qxd4 Rc8 20. O-O Na6 21. Be3 Qxb2
22. Ra2 Qb3 23. Rb1 b4 24. Rxb3 cxb3 25. Rb2 Rxc3 26. h4 Ne5 27. Bh6 Rxf3 28.
Qb6 Rc3 29. Qb7 Rac8 30. Rxb3 Rc1+ 31. Bxc1 Rxc1+ 32. Kh2 Nc5 33. Qxb4 h5 34.
Rg3 Rc4 35. Qb5 Ra4 36. Kh3 Ra1 37. Kh2 Kg7 38. Qb4 Ra4 39. Qb5 Ng4+ 40. Rxg4
hxg4 41. e5 Ra3 42. exd6 1-0

[Event "VIII Open FIDE"]
[Site "Forli' ITA"]
[Date "1995.08.??"]
[Round "?"]
[White "Grabarczyk, Miroslaw"]
[Black "Godena, Michele"]
[Result "1/2-1/2"]
[WhiteElo "2445"]
[BlackElo "2420"]
[PlyCount "101"]
[EventDate "1995.08.28"]

1. d4 d5 2. c4 e6 3. Nf3 c6 4. Qc2 Nf6 5. g3 Be7 6. Bg2 O-O 7. O-O b6 8. Nbd2
Nbd7 9. e4 Bb7 10. e5 Ne8 11. cxd5 cxd5 12. Qa4 a5 13. Re1 Ba6 14. Qb3 Qc7 15.
Nf1 Qc4 16. Qd1 Qd3 17. Bd2 Nc7 18. Ne3 Qg6 19. Rc1 Rfc8 20. Bf1 Bxf1 21. Rxf1
Qd3 22. Qc2 Qxc2 23. Rxc2 Nb5 24. Rfc1 Rxc2 25. Rxc2 a4 26. Nd1 Kf8 27. Kf1 Ke8
28. Ke2 Kd8 29. Kd3 h6 30. Ne1 Nb8 31. Nc3 Nc7 32. Ne2 Kd7 33. f4 Nc6 34. Ke3
Nb5 35. Nd3 Rc8 36. Rc1 h5 37. Ne1 Rc7 38. Nf3 Rc8 39. Nc3 Nxc3 40. Rxc3 Ra8
41. Rc2 Bb4 42. Ne1 Bxd2+ 43. Rxd2 Nb4 44. a3 Nc6 45. Rc2 Ra5 46. h3 Rb5 47.
Nd3 Rb3 48. Rc3 Rb5 49. Rc2 Rb3 50. Rc3 Rb5 51. Rc2 1/2-1/2

[Event "VIII Open FIDE"]
[Site "Forli' ITA"]
[Date "1995.08.??"]
[Round "?"]
[White "Jedynak, Radoslaw"]
[Black "Barbieri, Giovanni"]
[Result "1-0"]
[WhiteElo "2115"]
[BlackElo "2170"]
[PlyCount "51"]
[EventDate "1995.08.28"]

1. e4 e5 2. Nf3 Nc6 3. Bb5 Nge7 4. c3 a6 5. Ba4 b5 6. Bb3 Ng6 7. d4 Be7 8. Nxe5
Ncxe5 9. dxe5 O-O 10. f4 Bb7 11. Qe2 c5 12. O-O c4 13. Bc2 Qc7 14. Be3 Rfe8 15.
Nd2 Rad8 16. Nf3 d6 17. exd6 Bxd6 18. e5 Bc5 19. Nd4 Bxd4 20. Bxd4 Qc6 21. Rfe1
a5 22. Qg4 Bc8 23. f5 Nf8 24. e6 Rxd4 25. cxd4 fxe6 26. f6 1-0

[Event "VIII Open FIDE"]
[Site "Forli' ITA"]
[Date "1995.08.??"]
[Round "?"]
[White "Jedynak, Radoslaw"]
[Black "Mantovani, Renzo"]
[Result "1/2-1/2"]
[WhiteElo "2115"]
[BlackElo "2365"]
[PlyCount "80"]
[EventDate "1995.08.28"]

1. e4 c5 2. Nf3 Nc6 3. d4 cxd4 4. Nxd4 g6 5. c4 Nf6 6. Nc3 d6 7. Be2 Nxd4 8.
Qxd4 Bg7 9. Be3 O-O 10. Qd2 Be6 11. f3 Qa5 12. Nd5 Qxd2+ 13. Kxd2 Bxd5 14. cxd5
Nd7 15. Rac1 Rfc8 16. Rxc8+ Rxc8 17. Rc1 Rxc1 18. Kxc1 a6 19. Kc2 Kf8 20. b4 e6
21. Bc4 Ke7 22. a4 Be5 23. h3 Bg3 24. Bb3 Be1 25. Bg5+ f6 26. dxe6 Bxb4 27.
exd7 fxg5 28. Bd5 b6 29. Bg8 h5 30. Bf7 Kxd7 31. h4 gxh4 32. Bxg6 Kc6 33. Bxh5
Kc5 34. Kb3 Bd2 35. Bg4 b5 36. axb5 Kxb5 37. Bd7+ Kc5 38. Ka4 a5 39. Bc8 d5 40.
exd5 Kxd5 1/2-1/2

[Event "VIII Open FIDE"]
[Site "Forli' ITA"]
[Date "1995.08.??"]
[Round "?"]
[White "Mantovani, Renzo"]
[Black "Cebalo, Miso"]
[Result "0-1"]
[WhiteElo "2365"]
[BlackElo "2515"]
[PlyCount "80"]
[EventDate "1995.08.28"]

1. e4 c5 2. Nf3 e6 3. d4 cxd4 4. Nxd4 Nc6 5. Nc3 d6 6. g3 Nf6 7. Bg2 Bd7 8. O-O
a6 9. Re1 Be7 10. Nxc6 Bxc6 11. a4 O-O 12. a5 Nd7 13. Be3 Qc7 14. Na4 Bxa4 15.
Rxa4 Rfc8 16. c4 b5 17. axb6 Nxb6 18. Bxb6 Qxb6 19. b3 Rab8 20. Re3 a5 21. Rd3
g6 22. h4 h5 23. Bf3 Qc5 24. Qa1 Bd8 25. Qa3 Rb4 26. Rxb4 axb4 27. Qa2 Bb6 28.
Kg2 Qe5 29. Rd2 Bd4 30. Qa4 Rb8 31. Ra2 Kg7 32. Qa5 Bc5 33. Rd2 Qc3 34. Qa2 Ra8
35. Qb2 Ra3 36. Bd1 Ra1 37. Qc2 Rc1 38. Qd3 Qa1 39. Bc2 Rg1+ 40. Kf3 Qf6+ 0-1

[Event "VIII Open FIDE"]
[Site "Forli' ITA"]
[Date "1995.08.??"]
[Round "?"]
[White "Mantovani, Renzo"]
[Black "Quinto, Gianni"]
[Result "1-0"]
[WhiteElo "2365"]
[BlackElo "2250"]
[PlyCount "69"]
[EventDate "1995.08.28"]

1. Nf3 Nf6 2. d4 g6 3. Bg5 Bg7 4. Nbd2 O-O 5. c3 d6 6. e4 Nbd7 7. Bc4 c6 8. O-O
Qc7 9. Re1 e5 10. dxe5 dxe5 11. b4 Re8 12. Qc2 Nf8 13. Nb3 Ne6 14. a4 h6 15.
Be3 Ng4 16. Bc1 Bf8 17. h3 Nf6 18. Be3 Nf4 19. a5 N6h5 20. Kh2 Kh7 21. Bf1 Ng7
22. Nfd2 f5 23. exf5 Bxf5 24. Ne4 Qf7 25. Nbd2 Nd5 26. Bc4 Ne6 27. Qa2 Red8 28.
Kh1 Rd7 29. b5 Rad8 30. a6 cxb5 31. Bxb5 b6 32. Bxd7 Rxd7 33. Rad1 Nxe3 34.
fxe3 Rc7 35. Rf1 1-0

[Event "VIII Open FIDE"]
[Site "Forli' ITA"]
[Date "1995.08.??"]
[Round "?"]
[White "Mantovani, Renzo"]
[Black "Scotti, Umberto"]
[Result "1-0"]
[WhiteElo "2365"]
[BlackElo "2205"]
[PlyCount "53"]
[EventDate "1995.08.28"]

1. e4 e5 2. Bc4 Nf6 3. Qe2 Nc6 4. Nf3 Bc5 5. c3 O-O 6. d3 d5 7. Bb3 dxe4 8.
dxe4 Nh5 9. Ng5 g6 10. Nxf7 Qf6 11. Nxe5+ Kh8 12. Nd3 Bd6 13. Bh6 Re8 14. Nd2
Ne5 15. Nxe5 Bxe5 16. g3 Bh3 17. Be3 Qe7 18. f4 Bg7 19. e5 a5 20. a4 Qd7 21.
O-O-O Bg4 22. Nf3 Qc6 23. Rhf1 Rad8 24. Rxd8 Rxd8 25. Ng5 Bxe5 26. Nf7+ Kg7 27.
Nxd8 1-0

[Event "VIII Open FIDE"]
[Site "Forli' ITA"]
[Date "1995.08.??"]
[Round "?"]
[White "Naumkin, Igor"]
[Black "Mantovani, Renzo"]
[Result "1-0"]
[WhiteElo "2455"]
[BlackElo "2365"]
[PlyCount "80"]
[EventDate "1995.08.28"]

1. d4 Nf6 2. c4 c5 3. d5 g6 4. Nc3 Bg7 5. e4 O-O 6. Nf3 d6 7. Be2 e6 8. O-O
exd5 9. cxd5 Bg4 10. Bf4 a6 11. a4 Bxf3 12. Bxf3 Qe7 13. Re1 Nbd7 14. a5 Ne8
15. Bg4 Nc7 16. Bxd7 Qxd7 17. Na4 Rad8 18. Nb6 Qe7 19. Nc4 Nb5 20. Qd3 Rfe8 21.
h3 Bd4 22. Qg3 f6 23. Kh1 Be5 24. Nxe5 dxe5 25. Bd2 Rc8 26. Rac1 Qd7 27. f4 Nd6
28. Bc3 Nf7 29. Rf1 Qd6 30. fxe5 Nxe5 31. Rf2 Rc7 32. Rcf1 Rf7 33. b3 Ree7 34.
Qh4 Kg7 35. Bd2 g5 36. Qg3 h6 37. Bc3 c4 38. bxc4 Nxc4 39. Qxd6 Nxd6 40. Rxf6
Kf8 1-0